02542nkc a2200373za 450000100060000000300040000600500170001000700070002700800410003404000240007510000410009924500460014026000240018630001000021050001750031050001920048550000650067750001340074250001690087650400520104550500420109751001510113951002100129056101300150061000750163065100260170565500400173170000600177185200120183185601500184394200250199395201330201899900170215184445OSt20260318102405.0kh boc250410s19101911sp ||||| |||| 00| i|spa d aM-RABAbspacM-RABA1 aElorza, Lorenzod(1861-1931)911106810aEstíbalizb: Puerta del Oeste c/ L. E. c[ca. 1910 – 1911] a1 fotografíab: gelatina de platac; imagen 12 x 16,5 cme; soporte secundario 21,5 x 26,5 cm aVista de la puerta que se abre en la fachada oeste de la basílica de Nuestra Señora de Estíbaliz, compuesta por un arco apuntado seguido de cinco arquivoltas lisas. aFotografía montada sobre soporte secundario de cartulina azul enmarcada con orla en relieve. Título y numeración manuscrita que hace referencia a la posición en la serie “66”. aSello con monograma del fotógrafo en tinta roja “L.E.” aFechas tomadas de la ejecución del positivo de las fotografías, incluido el soporte secundario. (Soto Madrazo, Javier. 2008). aForma parte de un conjunto de 167 fotografías empleadas por Federico Baráibar Zumárraga para la elaboración del Inventario del Románico en Álava (1911). aBaraibar, F.: "Rincones artísticos", M. 1914. aEstivariz.- Puerta del Oeste. / L. E. aDescripción tomada de: Soto Madrazo, Javier (2008). Federico Baraibar y el Inventario del Románico en Álava: una caja con 167 fotografías. aEsta colección fue utilizada posteriormente por Cristóbal de Castro para la elaboración y publicación del "Catálogo Monumental de España: provincia de Álava", Madrid, S. de Rivadeneira, 1915. aDonadas junto con la memoria manuscrita a la Academia por el mismo Baraibar (Sesión 12 de febrero de 1912, Archivo: 4-32-1)27aSantuario de Santa María de Estíbaliz (cÁlava, España)927018 7aÁlava2embne975661 0aFotografías de monumentos91115801 aBaráibar y Zumárraga, Federico d(1851-1918)912926 jFot-175 3Fot-175uhttps://archivoybiblioteca.realacademiabellasartessanfernando.com/cgi-bin/koha/opac-retrieve-file.pl?id=fad853b365430f3584c315d93a78674f 2ddccFOTOGRAFÍAn0 00102ddc40708FOTOGRAFIAaRABASFbRABASFcDP2d2025-04-10l0oFot-175p1095320r2025-04-10 10:11:34w2025-04-10yFOTOGRAFÍA c84445d84445